Представление документа в формате MARC21

Поле Инд. ПП Название Значение
Тип записи a
Библиографический уровень b
001 Контрольный номер RU/IS/BASE/126629565
005 Дата корректировки 20200522190817.6
084 a Индекс другой классификации/Индекс ББК 60.561.2; 65.209.2(2Рос)
100 1_ a Автор Шеншин А. Е.
245 a Заглавие От "теневизации" экономики к криминализации общества: генезис и сущность криминальных экономических процессов
504 a Библиография Библиогр. ссылки
650 a Основная рубрика сектора экономики
a Основная рубрика социология
a Основная рубрика экономика
a Основная рубрика экономическая социология
653 a Ключевые слова государственное регулирование
a Ключевые слова криминализация экономики
a Ключевые слова криминальная экономика
a Ключевые слова криминальные экономические отношения
a Ключевые слова правовое регулирование
a Ключевые слова Россия
a Ключевые слова теневая экономика
a Ключевые слова теневая экономическая деятельность
a Ключевые слова теневые процессы
a Ключевые слова теневые социальные отношения
a Ключевые слова теневые экономические отношения
773 t Заглавие источника Вестник Московского университета. Серия 18, Социология и политология
d Дата издания источника 2003
g Прочая информация № 3. - С. 33 - 50
w Контрольный № источника RU/IS/BASE/121270811
901 t Тип документа b